000 02144cam a22004574i 4500
003 PE-LiUPU
005 20250731172740.0
008 150617s r 000 0 d
020 _a8427114702
035 _a(Sirsi) i9788427114708
040 _aPE-LiUPU
_bspa
_cPE-LiUPU
_erda
049 _aPRUA
082 0 4 _a232.1
_bI24m
_223
100 1 _aIgartua, Juan Manuel,
_eautor.
245 1 3 _aEl Mesías, Jesús de Nazaret /
_cJuan Manuel Igartua.
264 1 _aBilbao :
_bMensajero,
_c1986.
300 _a415 páginas ;
_c22 centímetros.
336 _atext
_2rdacontent
337 _aunmediated
_2rdamedia
338 _avolume
_2rdacarrier
505 0 _aJesús de Nazaret, hombre en la historia -- Un tiempo de expectación -- Un hombre llamado Jesús -- Un caso singular en la historia -- El Mesías de Israel -- Los documentos evangélicos -- El testimonio del bautista sobre Jesús -- La expectación del Mesías en los evangelios -- Afirmaciones mesiánicas de Jesús -- El Hijo de Dios -- Los títulos de divinidad en los evangelios -- Jesús afirma su divinidad en los sinópticos -- Jesús declara su divinidad en Juan -- Jesús y los grandes misterios -- Realidad de las afirmaciones de Jesús -- Garantía de las afirmaciones -- La voz de Jesús en los evangelios -- Un Mesías que es Dios -- La fe pospascual de los discípulos -- Identidad y conciencia de Jesús de Nazaret -- Identidad personal de Jesús -- La conciencia de su identidad en Jesús -- Conocimiento y acción en Jesús.
526 _aSEG42
526 _aSEG41
526 _aSEG40
526 _aSEG39
526 _aP94
526 _aP87
526 _aP86
526 _aP85
526 _aP77
526 _aP76
526 _aP35
600 1 4 _aJesucristo
_xDivinidad.
_9933
600 2 4 _aJesucristo
_xHistoricidad.
_9933
600 2 4 _aJesucristo
_xMesiazgo.
_9933
910 _ajck
942 _2ddc
_cBK
949 _a232.901 I34
_wDEWEY
_c1
_i31220
_lCCODEBUL1
_mBUL
_r0
_sY
_tBOOK
_u2015-6-17
_xTEOLOGIA
_0COMPRA
_o.STAFF. Colección general
999 _c2152
_d2152
980 _81
_gALBERTO SANCHEZ Responsable de Automatización